[Event "Regionalliga SW 1415"]
[Site "Bayern"]
[Date "2015.03.15"]
[Round "8.3"]
[White "Lichtenstern, Christoph"]
[Black "Ahmadzai, Malyar"]
[Result "1/2-1/2"]
[WhiteElo "2181"]
[BlackElo "1943"]
[PlyCount "185"]
[EventDate "2014.10.19"]
[EventType "team-tourn"]
[EventRounds "9"]
[EventCountry "GER"]
[SourceTitle "EXT 2018"]
[Source "ChessBase"]
[SourceDate "2017.10.13"]
[SourceVersion "1"]
[SourceVersionDate "2017.10.13"]
[SourceQuality "1"]
[WhiteTeam "Haar"]
[BlackTeam "Solln"]
[WhiteTeamCountry "GER"]
[BlackTeamCountry "GER"]

1. d4 d6 2. c4 c6 3. Nc3 Qc7 4. Nf3 Nf6 5. d5 e5 6. dxe6 Bxe6 7. e4 Bg4 8. Be2 Nbd7 9. 0-0 Be7 10. Nd4 Bxe2 11. Qxe2 0-0 12. Bf4 Rfe8 13. Rad1 Bf8 14. Rfe1 Ne5 15. h3 Ng6 16. Bg3 Qa5 17. Qc2 Rad8 18. Qb3 Rd7 19. Nf5 Nxe4 20. Nxe4 Qxf5 21. Nf6+ gxf6 22. Rxe8 Kg7 23. Rd3 d5 24. cxd5 cxd5 25. Qd1 Bc5 26. Rf3 Qg5 27. b4 Bb6 28. Qd3 h5 29. h4 Qg4 30. Qf5 Bd4 31. Qxg4 hxg4 32. Rf5 Bc3 33. Kf1 d4 34. Ke2 d3+ 35. Kd1 Bxb4 36. Re4 a5 37. h5 Ne7 38. Rxg4+ Kh7 39. Rb5 Nd5 40. Rbxb4 Nxb4 41. a3 Nc2 42. Bf4 Nxa3 43. Bd2 b5 44. Bxa5 Nc4 45. Bc3 Rd5 46. Rh4 f5 47. Bd2 Nd6 48. f3 Nc4 49. Rf4 Re5 50. Rd4 Re2 51. Rxd3 Rxg2 52. Bc1 Rh2 53. Rb3 Rxh5 54. Rxb5 Kg6 55. Rc5 Rh4 56. f4 Rh1+ 57. Kc2 Rh2+ 58. Kd3 Na3 59. Be3 Rb2 60. Rc6+ Kh5 61. Rc5 Rb3+ 62. Ke2 Kg4 63. Bd2 Nb5 64. Rc8 Nd4+ 65. Kf2 Rf3+ 66. Kg2 Rd3 67. Rg8+ Kh5 68. Be1 Ne6 69. Bg3 Kh6 70. Ra8 Nc5 71. Ra7 Kg6 72. Ra8 Ne4 73. Bh4 Kh5 74. Be1 Kg4 75. Ba5 Kxf4 76. Ra7 f6 77. Rg7 Ng5 78. Rg6 Ke5 79. Bc7+ Ke6 80. Bf4 Ne4 81. Rg7 Rd7 82. Rxd7 Kxd7 83. Kf3 Ke7 84. Be3 Kf7 85. Kf4 Kg6 86. Bd4 Nd6 87. Bc5 Nf7 88. Be3 Ng5 89. Bc1 Ne6+ 90. Kf3 Kh5 91. Bd2 Kh4 92. Be3 Kh5 93. Bd2 1/2-1/2

[Event "Regionalliga SW 1415"]
[Site "Bayern"]
[Date "2014.11.09"]
[Round "2.5"]
[White "Jussupow, Nadejda"]
[Black "Ahmadzai, Malyar"]
[Result "1-0"]
[WhiteElo "2134"]
[BlackElo "1943"]
[PlyCount "69"]
[EventDate "2014.10.19"]
[EventType "team-tourn"]
[EventRounds "9"]
[EventCountry "GER"]
[SourceTitle "EXT 2018"]
[Source "ChessBase"]
[SourceDate "2017.10.13"]
[SourceVersion "1"]
[SourceVersionDate "2017.10.13"]
[SourceQuality "1"]
[WhiteTeam "Krumbach"]
[BlackTeam "Solln"]
[WhiteTeamCountry "GER"]
[BlackTeamCountry "GER"]

1. e4 Nc6 2. d4 e5 3. Nf3 exd4 4. c3 Bc5 5. Bc4 Nf6 6. e5 Ne4 7. 0-0 0-0 8. cxd4 d5 9. Bb3 Bb6 10. Nc3 Nxc3 11. bxc3 Bg4 12. Qd3 Bh5 13. Bg5 Bg6 14. Qd2 Qd7 15. Nh4 Ne7 16. Bxe7 Qxe7 17. Nxg6 hxg6 18. f4 c6 19. Rae1 Qe6 20. Bc2 f5 21. Rf3 Kf7 22. Rg3 Rh8 23. Rg5 Rh5 24. Bxf5 gxf5 25. Rxh5 Rg8 26. Qd3 g6 27. Rh7+ Rg7 28. Rxg7+ Kxg7 29. h3 Bd8 30. a4 a6 31. Rb1 b6 32. Rb4 c5 33. dxc5 bxc5 34. Rb7+ Be7 35. Qd1 1-0